[Event "Hull CC XXVIII anniversaire A"]
[Site "Gatineau CAN"]
[Date "2007.10.09"]
[Round "5"]
[White "Chartrand, Jean Bruno"]
[Black "Brousseau, Yvan"]
[Result "1-0"]
[WhiteElo "2028"]
[BlackElo "2081"]
[PlyCount "131"]
[GameId "2160767910579230"]
[EventDate "2007.09.11"]
[EventType "tourn"]
[EventRounds "5"]
[EventCountry "CAN"]
[SourceTitle "EXT 2022"]
[Source "ChessBase"]
[SourceDate "2021.10.06"]
[SourceVersion "1"]
[SourceVersionDate "2021.10.06"]
[SourceQuality "1"]

1. d4 Nf6 2. c4 e6 3. Nc3 Bb4 4. Qc2 b6 5. Bg5 h6 6. Bh4 Bb7 7. a3 Bxc3+ 8. Qxc3 d6 9. f3 g5 10. Bg3 Nbd7 11. e4 Qe7 12. Bd3 Nh5 13. Bf2 Nf4 14. Bf1 f5 15. c5 Nf6 16. c6 Bc8 17. g3 Ng6 18. Bd3 fxe4 19. fxe4 e5 20. O-O-O O-O 21. h4 Ng4 22. Be1 gxh4 23. gxh4 exd4 24. Qxd4 N6e5 25. Bc2 Be6 26. Qc3 Qe8 27. Ba4 a6 28. Ne2 Rf3 29. Qd2 b5 30. Bc2 Qxc6 31. Nd4 Qc4 32. Nxf3 Nxf3 33. Qd3 Rf8 34. Qxc4 Bxc4 35. Kb1 Ne3 36. Rc1 Nd4 37. Rg1+ Kh7 38. Bd1 Bd3+ 39. Ka2 c5 40. Bc3 Ne6 41. Bb3 c4 42. Bd1 Nxd1 43. Rcxd1 Rf4 44. Rh1 Rxe4 45. Rde1 d5 46. a4 Nc5 47. Rhg1 Ne6 48. axb5 axb5 49. Ka3 Rxe1 50. Rxe1 Be4 51. Kb4 Nf4 52. Rg1 h5 53. Kxb5 Ne2 54. Rg5 Nxc3+ 55. bxc3 Kh6 56. Kc5 d4 57. cxd4 c3 58. d5 Bf3 59. Rg1 c2 60. Rc1 Be4 61. d6 Bf5 62. Kc6 Kg6 63. d7 Bxd7+ 64. Kxd7 Kf5 65. Rxc2 Kg4 66. Rc4+ 1-0

[Event "Hull CC XXVIII anniversaire A"]
[Site "Gatineau CAN"]
[Date "2007.10.09"]
[Round "5"]
[White "Desjardins, Michel"]
[Black "Szalay, Karoly"]
[Result "0-1"]
[WhiteElo "1945"]
[BlackElo "2021"]
[PlyCount "74"]
[GameId "2160767910579231"]
[EventDate "2007.09.11"]
[EventType "tourn"]
[EventRounds "5"]
[EventCountry "CAN"]
[SourceTitle "EXT 2022"]
[Source "ChessBase"]
[SourceDate "2021.10.06"]
[SourceVersion "1"]
[SourceVersionDate "2021.10.06"]
[SourceQuality "1"]

1. e4 e5 2. Nc3 Nc6 3. Bc4 Bc5 4. Qg4 g6 5. Qf3 Nf6 6. Nge2 d6 7. d3 Bg4 8. Qg3 Qd7 9. h3 Be6 10. Bb3 O-O-O 11. Na4 Ng8 12. Nxc5 dxc5 13. Ba4 f6 14. Be3 b6 15. a3 a6 16. Bxc6 Qxc6 17. O-O g5 18. Rfd1 h5 19. Nc3 h4 20. Qf3 g4 21. hxg4 Qd7 22. Qe2 Bxg4 23. f3 Bh5 24. b4 Ne7 25. bxc5 Rdg8 26. Kh2 Rg3 27. Qf1 Rhg8 28. Ne2 f5 29. Ng1 Ng6 30. d4 b5 31. Rd2 exd4 32. Rxd4 Qg7 33. exf5 Ne5 34. Rxh4 Rxg2+ 35. Kh1 Nxf3 36. Rxh5 Nxg1 37. Bxg1 Qg4 0-1

[Event "Hull CC XXVIII anniversaire A"]
[Site "Gatineau CAN"]
[Date "2007.10.09"]
[Round "5"]
[White "Pepin, Christian"]
[Black "Danilov, Alex"]
[Result "1/2-1/2"]
[WhiteElo "1950"]
[BlackElo "1920"]
[PlyCount "85"]
[GameId "2160767910579232"]
[EventDate "2007.09.11"]
[EventType "tourn"]
[EventRounds "5"]
[EventCountry "CAN"]
[SourceTitle "EXT 2022"]
[Source "ChessBase"]
[SourceDate "2021.10.06"]
[SourceVersion "1"]
[SourceVersionDate "2021.10.06"]
[SourceQuality "1"]

1. e4 c5 2. Nf3 Nc6 3. c3 Nf6 4. Qc2 e5 5. d4 d5 6. exd5 Qxd5 7. dxe5 Nxe5 8. Bb5+ Nfd7 9. Qe2 Bd6 10. Nxe5 Qxe5 11. Qxe5+ Bxe5 12. Be3 b6 13. Bc6 Rb8 14. Nd2 O-O 15. O-O-O Nf6 16. Nf3 Bc7 17. h3 Be6 18. b3 h6 19. g4 Rfc8 20. g5 hxg5 21. Bxg5 Rd8 22. Rd2 Rxd2 23. Nxd2 Nd5 24. Bxd5 Bxd5 25. Re1 f6 26. Bh4 Be5 27. Bg3 Bxg3 28. fxg3 Kf7 29. Ne4 Rd8 30. Kc2 Rd7 31. g4 Kg6 32. c4 Bxe4+ 33. Rxe4 Kg5 34. Re8 Kf4 35. a3 Kg3 36. Rh8 Re7 37. Rh7 Kf3 38. b4 Ke3 39. Kc3 Kf4 40. bxc5 bxc5 41. Kb3 Ke4 42. Kc3 Kf4 43. Kb3 1/2-1/2

[Event "Hull CC XXVIII anniversaire B"]
[Site "Gatineau CAN"]
[Date "2007.09.11"]
[Round "1"]
[White "Berthiaume, Patrick"]
[Black "Blouin, Francois"]
[Result "0-1"]
[WhiteElo "1037"]
[BlackElo "1532"]
[PlyCount "104"]
[GameId "2160767910579233"]
[EventDate "2007.09.11"]
[EventType "swiss"]
[EventRounds "5"]
[EventCountry "CAN"]
[SourceTitle "EXT 2022"]
[Source "ChessBase"]
[SourceDate "2021.10.06"]
[SourceVersion "1"]
[SourceVersionDate "2021.10.06"]
[SourceQuality "1"]

1. e4 e6 2. Nc3 d5 3. d4 Bb4 4. Bd3 b6 5. a3 Bxc3+ 6. bxc3 Ba6 7. Nf3 c6 8. Bf4 Bxd3 9. cxd3 Ne7 10. O-O Ng6 11. Bd2 Nd7 12. Qa4 Qc7 13. Qc2 h6 14. Rfe1 O-O 15. Re2 Nf6 16. e5 Nd7 17. Rae1 Rac8 18. Qb2 c5 19. Qb3 cxd4 20. cxd4 Qc2 21. Qxc2 Rxc2 22. Bb4 Rfc8 23. Rxc2 Rxc2 24. g3 Ndf8 25. Rd1 f6 26. Kf1 Nd7 27. Bd6 Kf7 28. Ke1 Ne7 29. exf6 Kxf6 30. Bb4 Nb8 31. Rd2 Rc1+ 32. Rd1 Rxd1+ 33. Kxd1 Nbc6 34. Bd2 Kg6 35. Kc2 Nf5 36. Bf4 Ncxd4+ 37. Nxd4 Nxd4+ 38. Kc3 Ne2+ 39. Kd2 Nxf4 40. gxf4 Kf5 41. Ke3 e5 42. fxe5 Kxe5 43. f3 d4+ 44. Ke2 Kf4 45. Kf2 b5 46. Ke2 a5 47. Kd2 Kxf3 48. Kc2 Ke3 49. h3 h5 50. h4 a4 51. Kd1 Kxd3 52. Kc1 Ke2 0-1

[Event "Hull CC XXVIII anniversaire B"]
[Site "Gatineau CAN"]
[Date "2007.09.11"]
[Round "1"]
[White "Charland, Roger"]
[Black "Aubut, Pascal"]
[Result "1-0"]
[WhiteElo "1522"]
[BlackElo "1025"]
[PlyCount "31"]
[GameId "2160767910579234"]
[EventDate "2007.09.11"]
[EventType "swiss"]
[EventRounds "5"]
[EventCountry "CAN"]
[SourceTitle "EXT 2022"]
[Source "ChessBase"]
[SourceDate "2021.10.06"]
[SourceVersion "1"]
[SourceVersionDate "2021.10.06"]
[SourceQuality "1"]

1. e4 d5 2. exd5 Qxd5 3. Nc3 Qd8 4. Nf3 g6 5. Bc4 Bg7 6. Ng5 e6 7. d3 Ne7 8. Qf3 Nf5 9. g4 O-O 10. gxf5 gxf5 11. Qh3 h6 12. Nf3 Nd7 13. Rg1 Qf6 14. Bxh6 Qxh6 15. Qxh6 Nf6 16. Qxg7# 1-0

[Event "Hull CC XXVIII anniversaire B"]
[Site "Gatineau CAN"]
[Date "2007.09.11"]
[Round "1"]
[White "Dallaire, Dominic"]
[Black "Arsenault, Yves"]
[Result "1-0"]
[WhiteElo "1860"]
[BlackElo "1411"]
[PlyCount "93"]
[GameId "2160767910579235"]
[EventDate "2007.09.11"]
[EventType "swiss"]
[EventRounds "5"]
[EventCountry "CAN"]
[SourceTitle "EXT 2022"]
[Source "ChessBase"]
[SourceDate "2021.10.06"]
[SourceVersion "1"]
[SourceVersionDate "2021.10.06"]
[SourceQuality "1"]

1. e4 e5 2. f4 exf4 3. Nf3 Be7 4. Bc4 d6 5. d4 Bh4+ 6. Kf1 Bg4 7. Bxf4 Ne7 8. Qd3 Ng6 9. Bd2 Qf6 10. Nc3 c6 11. Kg1 Nd7 12. Rf1 O-O 13. Nxh4 Qxh4 14. Be1 Qe7 15. Qg3 Nf6 16. h3 Be6 17. Bd3 Nh5 18. Qe3 Rac8 19. g4 Nf6 20. Qf3 b5 21. g5 Nd7 22. h4 f6 23. Qg3 fxg5 24. hxg5 Rxf1+ 25. Kxf1 Rf8+ 26. Ke2 Nf4+ 27. Kd2 Qf7 28. Rf1 Nh5 29. Rxf7 Nxg3 30. Rxf8+ Kxf8 31. Bxg3 Ke7 32. Ne2 Bxa2 33. b3 a5 34. Nc1 Bb1 35. Kc3 b4+ 36. Kb2 Bxc2 37. Kxc2 c5 38. dxc5 Nxc5 39. Ne2 Kd7 40. Nd4 g6 41. Nb5 Ne6 42. Nxd6 Nxg5 43. Nc4 h5 44. Ne5+ Ke7 45. Nxg6+ Kf6 46. e5+ Kg7 47. Nf4 1-0

[Event "Hull CC XXVIII anniversaire B"]
[Site "Gatineau CAN"]
[Date "2007.09.11"]
[Round "1"]
[White "Duret, Serge"]
[Black "Ralchenko, Maxim"]
[Result "0-1"]
[WhiteElo "1086"]
[BlackElo "1582"]
[PlyCount "54"]
[GameId "2160767910579236"]
[EventDate "2007.09.11"]
[EventType "swiss"]
[EventRounds "5"]
[EventCountry "CAN"]
[SourceTitle "EXT 2022"]
[Source "ChessBase"]
[SourceDate "2021.10.06"]
[SourceVersion "1"]
[SourceVersionDate "2021.10.06"]
[SourceQuality "1"]

1. e4 c5 2. Nf3 d6 3. Nc3 e6 4. Bb5+ Bd7 5. Qe2 a6 6. Bxd7+ Qxd7 7. O-O Nc6 8. e5 d5 9. d3 Nge7 10. Ng5 h6 11. Nf3 Nf5 12. Na4 Qc7 13. c3 b5 14. Nxc5 Bxc5 15. d4 Bb6 16. Be3 Qa7 17. b3 O-O 18. Rfc1 Rac8 19. c4 Ncxd4 20. Nxd4 Nxd4 21. Qd3 dxc4 22. bxc4 Rfd8 23. Bxd4 Bxd4 24. Qf3 Bxa1 25. Rxa1 Qd4 26. Rd1 Qxd1+ 27. Qxd1 Rxd1# 0-1

[Event "Hull CC XXVIII anniversaire B"]
[Site "Gatineau CAN"]
[Date "2007.09.11"]
[Round "1"]
[White "Guimond, Michel"]
[Black "Maisonneuve, Paul"]
[Result "1-0"]
[WhiteElo "1816"]
[BlackElo "1408"]
[PlyCount "43"]
[GameId "2160767910579237"]
[EventDate "2007.09.11"]
[EventType "swiss"]
[EventRounds "5"]
[EventCountry "CAN"]
[SourceTitle "EXT 2022"]
[Source "ChessBase"]
[SourceDate "2021.10.06"]
[SourceVersion "1"]
[SourceVersionDate "2021.10.06"]
[SourceQuality "1"]

1. e4 d6 2. d4 Nf6 3. Nc3 g6 4. f3 Bg7 5. Be3 Nbd7 6. Qd2 c5 7. d5 O-O 8. Bh6 a6 9. g4 Ne5 10. h4 e6 11. h5 exd5 12. hxg6 fxg6 13. Bxg7 Kxg7 14. Qh6+ Kg8 15. Nxd5 Rf7 16. Nxf6+ Qxf6 17. O-O-O Nxf3 18. Bc4 Be6 19. Bxe6 Qxe6 20. Nxf3 Rxf3 21. Qxh7+ Kf8 22. Qxb7 1-0

[Event "Hull CC XXVIII anniversaire B"]
[Site "Gatineau CAN"]
[Date "2007.09.11"]
[Round "1"]
[White "Kennedy, Phillip"]
[Black "Laferriere, Bruno"]
[Result "0-1"]
[WhiteElo "1409"]
[BlackElo "1834"]
[PlyCount "134"]
[GameId "2160767910579238"]
[EventDate "2007.09.11"]
[EventType "swiss"]
[EventRounds "5"]
[EventCountry "CAN"]

1. Nf3 c5 2. g3 Nc6 3. Bg2 Nf6 4. O-O d5 5. c4 e6 6. Nc3 d4 7. Nb5 a6 8. Na3 Bd6 9. d3 O-O 10. e4 e5 11. Bd2 Ne8 12. Nc2 f5 13. exf5 Bxf5 14. Qe2 Nf6 15. Rfe1 Qd7 16. Ng5 h6 17. Ne4 Nxe4 18. Bxe4 Bg4 19. f3 Be6 20. a3 b5 21. b3 Rab8 22. Bd5 Bxd5 23. cxd5 Ne7 24. Qe4 Rbc8 25. f4 exf4 26. Qe6+ Qxe6 27. Rxe6 fxg3 28. Rxd6 Rf2 29. Rd1 Rxh2 30. Ne1 Rf8 31. Ng2 Rf2 32. Ne1 Rxd2 33. Rxd2 Rxd2 34. Rd7 Nf5 35. d6 Rd1 36. Rd8+ Kf7 37. d7 Ke7 38. Rf8 Rxe1+ 39. Kg2 Ne3+ 40. Kxg3 Kxd7 41. Ra8 Rg1+ 42. Kf2 Rg6 43. Ra7+ Kc8 44. Re7 h5 45. Kf3 h4 46. Re5 Rf6+ 47. Ke4 h3 48. Rxc5+ Kb7 49. Rh5 Rh6 50. Rg5 g6 51. Rg1 h2 52. Rh1 Nf5 53. Kf3 Rh3+ 54. Kg2 Rxd3 55. Kxh2 Rxb3 56. Rg1 Rb2+ 57. Kh3 d3 58. Rxg6 d2 59. Rg1 Rb3+ 60. Kh2 Ne3 61. Rg7+ Kc6 62. Rg6+ Kd5 63. Rg5+ Ke4 64. Rh5 d1=Q 65. Rh4+ Ng4+ 66. Kg2 Qf3+ 67. Kg1 Rb1# 0-1

[Event "Hull CC XXVIII anniversaire B"]
[Site "Gatineau CAN"]
[Date "2007.09.11"]
[Round "1"]
[White "Labelle, Raymond"]
[Black "Dupont, Claude"]
[Result "0-1"]
[WhiteElo "1429"]
[BlackElo "1482"]
[PlyCount "86"]
[GameId "2160767910579239"]
[EventDate "2007.09.11"]
[EventType "swiss"]
[EventRounds "5"]
[EventCountry "CAN"]
[SourceTitle "EXT 2022"]
[Source "ChessBase"]
[SourceDate "2021.10.06"]
[SourceVersion "1"]
[SourceVersionDate "2021.10.06"]
[SourceQuality "1"]

1. e4 c5 2. c4 e5 3. Nf3 d6 4. d3 Nc6 5. Be2 Be7 6. Nc3 Nf6 7. O-O a6 8. Be3 Ng4 9. Bd2 Be6 10. h3 Nf6 11. Ng5 Bd7 12. Be3 Nd4 13. Bh5 Nxh5 14. Qxh5 g6 15. Qh6 Bf8 16. Qh4 Bg7 17. Qg3 b5 18. Rae1 b4 19. Ne2 Nc2 20. Rc1 Nxe3 21. fxe3 O-O 22. Rf2 Bh6 23. h4 f6 24. Nh3 Qe7 25. Rcf1 Rf7 26. d4 Bxh3 27. Qxh3 exd4 28. Nf4 Qxe4 29. Kh1 dxe3 30. Qf3 Qxf3 31. Rxf3 Bxf4 32. Rxf4 f5 33. g4 e2 34. Re1 Re8 35. Kg2 fxg4 36. Rxf7 Kxf7 37. Kf2 h5 38. Rxe2 Rxe2+ 39. Kxe2 Ke6 40. Ke3 Ke5 41. b3 a5 42. Kd3 Kf4 43. Ke2 g3 0-1

[Event "Hull CC XXVIII anniversaire B"]
[Site "Gatineau CAN"]
[Date "2007.09.11"]
[Round "1"]
[White "Lemieux, Richard"]
[Black "Carrier, Simon"]
[Result "0-1"]
[WhiteElo "1544"]
[BlackElo "1075"]
[PlyCount "54"]
[GameId "2160767910579240"]
[EventDate "2007.09.11"]
[EventType "swiss"]
[EventRounds "5"]
[EventCountry "CAN"]
[SourceTitle "EXT 2022"]
[Source "ChessBase"]
[SourceDate "2021.10.06"]
[SourceVersion "1"]
[SourceVersionDate "2021.10.06"]
[SourceQuality "1"]

1. e4 g6 2. d4 Bg7 3. Nf3 d6 4. Bc4 Nf6 5. Nc3 O-O 6. O-O Bg4 7. Qd3 c6 8. Re1 a5 9. a4 Re8 10. Bg5 Nbd7 11. Ba2 Bxf3 12. Qxf3 Qb6 13. e5 Nd5 14. Nxd5 cxd5 15. exd6 e6 16. c3 Qxb2 17. Reb1 Qa3 18. Bxd5 Qxd6 19. Bxb7 Rab8 20. Bc6 Rxb1+ 21. Rxb1 e5 22. Rb7 exd4 23. Rb1 dxc3 24. Rd1 Qe5 25. Be3 c2 26. Rc1 Qb2 27. Bxd7 Qxc1+ 0-1

[Event "Hull CC XXVIII anniversaire B"]
[Site "Gatineau CAN"]
[Date "2007.09.11"]
[Round "1"]
[White "Levesque, Andre"]
[Black "Scantland, Patrick"]
[Result "1-0"]
[WhiteElo "1400"]
[BlackElo "1735"]
[PlyCount "77"]
[GameId "2160767910579241"]
[EventDate "2007.09.11"]
[EventType "swiss"]
[EventRounds "5"]
[EventCountry "CAN"]
[SourceTitle "EXT 2022"]
[Source "ChessBase"]
[SourceDate "2021.10.06"]
[SourceVersion "1"]
[SourceVersionDate "2021.10.06"]
[SourceQuality "1"]

1. e4 c5 2. Nc3 d6 3. Nf3 Nf6 4. d4 cxd4 5. Nxd4 a6 6. Bc4 e6 7. O-O Be7 8. Re1 O-O 9. Bg5 Qc7 10. Bd3 Nbd7 11. Bh4 b5 12. Nf3 Bb7 13. Ne2 e5 14. Rc1 Nc5 15. Ng3 g6 16. c4 b4 17. b3 a5 18. Bc2 Bc8 19. h3 Bd7 20. Qd2 Kg7 21. Qg5 Bc6 22. Nf5+ Kh8 23. Nxe7 Qxe7 24. Qxf6+ Qxf6 25. Bxf6+ Kg8 26. Be7 Rfe8 27. Bxd6 Nb7 28. Bxe5 a4 29. Nd4 Bd7 30. Bg3 axb3 31. Bxb3 Nc5 32. Rcd1 Nxe4 33. Nb5 Bxb5 34. cxb5 Nc3 35. Rxe8+ Rxe8 36. Rd7 Re1+ 37. Kh2 Nxb5 38. Rxf7 Kh8 39. Bh4 1-0

[Event "Hull CC XXVIII anniversaire B"]
[Site "Gatineau CAN"]
[Date "2007.09.11"]
[Round "1"]
[White "Pilon, Robert"]
[Black "Sunatori, Evelyne"]
[Result "1-0"]
[WhiteElo "1607"]
[BlackElo "1106"]
[PlyCount "61"]
[GameId "2160767910579242"]
[EventDate "2007.09.11"]
[EventType "swiss"]
[EventRounds "5"]
[EventCountry "CAN"]
[SourceTitle "EXT 2022"]
[Source "ChessBase"]
[SourceDate "2021.10.06"]
[SourceVersion "1"]
[SourceVersionDate "2021.10.06"]
[SourceQuality "1"]

1. e4 e5 2. Nf3 Nc6 3. Bc4 Nf6 4. Ng5 d5 5. exd5 Nxd5 6. Nxf7 Kxf7 7. Qf3+ Ke8 8. Bxd5 Qd7 9. Bxc6 Qxc6 10. Qh5+ Kd8 11. O-O b6 12. d3 Qxc2 13. Bg5+ Be7 14. Bxe7+ Kxe7 15. Qxe5+ Be6 16. Re1 Qc6 17. Nc3 Rad8 18. d4 Qd6 19. Qxg7+ Ke8 20. Qxh8+ Kd7 21. Qe5 c5 22. dxc5 bxc5 23. Rad1 Qxd1 24. Rxd1+ Ke7 25. Rxd8 Kxd8 26. Qxe6 h5 27. Ne4 Kc7 28. Qd6+ Kc8 29. Nxc5 a6 30. Nxa6 h4 31. Qc7# 1-0

[Event "Hull CC XXVIII anniversaire B"]
[Site "Gatineau CAN"]
[Date "2007.09.11"]
[Round "1"]
[White "Rainey, Ivan"]
[Black "Lacourse, Guy"]
[Result "0-1"]
[WhiteElo "1265"]
[BlackElo "1607"]
[PlyCount "36"]
[GameId "2160767910579243"]
[EventDate "2007.09.11"]
[EventType "swiss"]
[EventRounds "5"]
[EventCountry "CAN"]
[SourceTitle "EXT 2022"]
[Source "ChessBase"]
[SourceDate "2021.10.06"]
[SourceVersion "1"]
[SourceVersionDate "2021.10.06"]
[SourceQuality "1"]

1. e4 c5 2. Nf3 d6 3. d4 cxd4 4. Nxd4 Nf6 5. Nc3 a6 6. Be3 e5 7. Nb3 Be6 8. Be2 Nbd7 9. O-O Be7 10. Nd2 Qc7 11. f4 exf4 12. Rxf4 Ne5 13. Nf3 Nfg4 14. Nxe5 Nxe3 15. Qd2 dxe5 16. Rf3 Ng4 17. Rg3 Qc5+ 18. Kf1 Qf2# 0-1

[Event "Hull CC XXVIII anniversaire B"]
[Site "Gatineau CAN"]
[Date "2007.09.11"]
[Round "1"]
[White "Sabourin, Yves"]
[Black "Cossette, Daniel"]
[Result "0-1"]
[WhiteElo "1343"]
[BlackElo "2169"]
[PlyCount "60"]
[GameId "2160767910579244"]
[EventDate "2007.09.11"]
[EventType "swiss"]
[EventRounds "5"]
[EventCountry "CAN"]
[SourceTitle "EXT 2022"]
[Source "ChessBase"]
[SourceDate "2021.10.06"]
[SourceVersion "1"]
[SourceVersionDate "2021.10.06"]
[SourceQuality "1"]

1. d4 d5 2. c4 e6 3. Nc3 c5 4. cxd5 exd5 5. Nf3 Nc6 6. Bf4 Nf6 7. e3 c4 8. a4 a6 9. Be2 Bf5 10. O-O h6 11. Ne5 Bd6 12. Nxc6 bxc6 13. Bxd6 Qxd6 14. Qd2 Rb8 15. f3 Qb4 16. e4 Bg6 17. Rfb1 O-O 18. Bd1 dxe4 19. fxe4 Nxe4 20. Qe3 Rfe8 21. Qc1 Qa5 22. Bc2 Nxc3 23. bxc3 Qxc3 24. Bxg6 Qxd4+ 25. Kh1 fxg6 26. Rxb8 Rxb8 27. Qe1 c3 28. h3 c2 29. Rc1 Qd3 30. Kh2 Rb1 0-1

[Event "Hull CC XXVIII anniversaire B"]
[Site "Gatineau CAN"]
[Date "2007.09.11"]
[Round "1"]
[White "Thibault, Mario"]
[Black "Berthiaume, Serge"]
[Result "0-1"]
[WhiteElo "1678"]
[BlackElo "1373"]
[PlyCount "96"]
[GameId "2160767910579245"]
[EventDate "2007.09.11"]
[EventType "swiss"]
[EventRounds "5"]
[EventCountry "CAN"]
[SourceTitle "EXT 2022"]
[Source "ChessBase"]
[SourceDate "2021.10.06"]
[SourceVersion "1"]
[SourceVersionDate "2021.10.06"]
[SourceQuality "1"]

1. Nf3 Nc6 2. b3 d5 3. Bb2 Nf6 4. e3 Bg4 5. Be2 Bxf3 6. Bxf3 e5 7. O-O Bc5 8. d4 e4 9. dxc5 exf3 10. Qxf3 Nb4 11. Qe2 O-O 12. a3 Na6 13. b4 c6 14. Nd2 Nd7 15. Rad1 f6 16. c4 Nc7 17. Nf3 Qe7 18. cxd5 Nxd5 19. Rfe1 Rad8 20. Qc4 Kh8 21. e4 Nf4 22. Qc1 Ng6 23. Nd4 Nde5 24. f4 Nf7 25. e5 fxe5 26. fxe5 Nfxe5 27. Qe3 Rd5 28. Rf1 Rdd8 29. Rde1 Rxf1+ 30. Rxf1 Rf8 31. Nf5 Qe6 32. Nd6 Rxf1+ 33. Kxf1 Qf6+ 34. Ke2 Nf4+ 35. Kd1 Nfd3 36. Bxe5 Nxe5 37. Qxe5 Qf1+ 38. Qe1 Qd3+ 39. Qd2 Qxa3 40. Nc4 Qa1+ 41. Kc2 Qf6 42. Qe2 h6 43. Nd6 b5 44. Qe8+ Kh7 45. Qe4+ Kh8 46. Qf5 Qd4 47. Qf8+ Kh7 48. Qxg7+ Qxg7 0-1

[Event "Hull CC XXVIII anniversaire B"]
[Site "Gatineau CAN"]
[Date "2007.09.18"]
[Round "2"]
[White "Arsenault, Yves"]
[Black "Berthiaume, Patrick"]
[Result "1-0"]
[WhiteElo "1411"]
[BlackElo "1037"]
[PlyCount "41"]
[GameId "2160767910579247"]
[EventDate "2007.09.11"]
[EventType "swiss"]
[EventRounds "5"]
[EventCountry "CAN"]
[SourceTitle "EXT 2022"]
[Source "ChessBase"]
[SourceDate "2021.10.06"]
[SourceVersion "1"]
[SourceVersionDate "2021.10.06"]
[SourceQuality "1"]

1. e4 e5 2. Nf3 Nc6 3. Bb5 d6 4. d4 Bd7 5. Nc3 a6 6. Ba4 b5 7. Bb3 Na5 8. dxe5 dxe5 9. Nxe5 Nxb3 10. cxb3 Be6 11. O-O Qxd1 12. Rxd1 Bd6 13. Nc6 Kd7 14. Nd4 Nf6 15. f4 Bb4 16. Ndxb5+ Ke7 17. Nxc7 Rac8 18. Nxa6 Bxc3 19. bxc3 Rxc3 20. Ba3+ Ke8 21. Bc5 1-0

[Event "Hull CC XXVIII anniversaire B"]
[Site "Gatineau CAN"]
[Date "2007.09.18"]
[Round "2"]
[White "Aubut, Pascal"]
[Black "Kennedy, Phillip"]
[Result "0-1"]
[WhiteElo "1025"]
[BlackElo "1409"]
[PlyCount "92"]
[GameId "2160767910579248"]
[EventDate "2007.09.11"]
[EventType "swiss"]
[EventRounds "5"]
[EventCountry "CAN"]

1. d4 Nf6 2. g3 d5 3. Bg2 Nc6 4. e3 Bg4 5. Ne2 e5 6. O-O e4 7. h3 Be6 8. a4 Qd7 9. c3 Bxh3 10. Nf4 Bxg2 11. Kxg2 O-O-O 12. f3 Bd6 13. b4 g5 14. b5 Ne7 15. Rh1 gxf4 16. exf4 exf3+ 17. Qxf3 Qg4 18. Rh4 Qxf3+ 19. Kxf3 Ne4 20. Rh2 Rdg8 21. Rg2 Rg4 22. Kxg4 Rg8+ 23. Kf3 Nf5 24. g4 Nh4+ 25. Ke2 Nxg2 26. Kd3 Rxg4 27. Nd2 Rg3+ 28. Kc2 Rxc3+ 29. Kd1 Bxf4 30. Nxe4 Rxc1+ 31. Rxc1 Bxc1 32. Nc3 Bb2 33. Nxd5 Bxd4 34. Ke2 Nh4 35. Ne7+ Kd7 36. Ng8 Nf5 37. Kd3 h5 38. Ke4 Ke6 39. a5 h4 40. Kf4 Bf2 41. a6 bxa6 42. bxa6 c5 43. Kf3 Bg3 44. Ke2 h3 45. Kf1 c4 46. Kg1 c3 0-1

[Event "Hull CC XXVIII anniversaire B"]
[Site "Gatineau CAN"]
[Date "2007.09.18"]
[Round "2"]
[White "Blouin, Francois"]
[Black "Carrier, Simon"]
[Result "1-0"]
[WhiteElo "1532"]
[BlackElo "1075"]
[PlyCount "109"]
[GameId "2160767910579249"]
[EventDate "2007.09.11"]
[EventType "swiss"]
[EventRounds "5"]
[EventCountry "CAN"]
[SourceTitle "EXT 2022"]
[Source "ChessBase"]
[SourceDate "2021.10.06"]
[SourceVersion "1"]
[SourceVersionDate "2021.10.06"]
[SourceQuality "1"]

1. e4 g6 2. Nc3 e5 3. Nf3 Bg7 4. Bc4 Nc6 5. a3 Nf6 6. d3 O-O 7. Bg5 d6 8. h3 h6 9. Be3 Ne7 10. Qd2 d5 11. exd5 Nfxd5 12. Nxd5 Nxd5 13. Bxh6 Re8 14. O-O-O c6 15. Bxg7 Kxg7 16. h4 Nf4 17. Rdg1 b5 18. Bb3 Bg4 19. Rh2 Qf6 20. Qe3 Rad8 21. Re1 Nxg2 22. Rxg2 Bxf3 23. Rg3 e4 24. Qg5 Qxg5+ 25. hxg5 f5 26. gxf6+ Kxf6 27. dxe4 Bxe4 28. Rge3 Kf5 29. f3 Rd4 30. fxe4+ Rdxe4 31. Rxe4 Rxe4 32. Rxe4 Kxe4 33. c3 a5 34. Bc2+ Ke5 35. Bxg6 b4 36. Kc2 bxa3 37. bxa3 Kd5 38. Kb3 Kc5 39. Bd3 Kb6 40. Ka4 c5 41. Bc4 Kb7 42. Kxa5 Ka7 43. Kb5 Kb7 44. Kxc5 Kc7 45. Kb5 Kb7 46. a4 Ka7 47. Kc6 Ka8 48. Bb5 Kb8 49. c4 Ka8 50. c5 Kb8 51. Kd7 Ka7 52. c6 Kb6 53. c7 Ka7 54. c8=Q Kb6 55. Qc7# 1-0

[Event "Hull CC XXVIII anniversaire B"]
[Site "Gatineau CAN"]
[Date "2007.09.18"]
[Round "2"]
[White "Charland, Roger"]
[Black "Dallaire, Dominic"]
[Result "0-1"]
[WhiteElo "1522"]
[BlackElo "1860"]
[PlyCount "72"]
[GameId "2160767910579251"]
[EventDate "2007.09.11"]
[EventType "swiss"]
[EventRounds "5"]
[EventCountry "CAN"]
[SourceTitle "EXT 2022"]
[Source "ChessBase"]
[SourceDate "2021.10.06"]
[SourceVersion "1"]
[SourceVersionDate "2021.10.06"]
[SourceQuality "1"]

1. e4 e6 2. Nf3 d5 3. exd5 exd5 4. d4 Bd6 5. Nc3 c6 6. Bd3 h6 7. Ne2 Nf6 8. Bf4 O-O 9. Qd2 Re8 10. O-O-O Ne4 11. Bxe4 Rxe4 12. Bxd6 Qxd6 13. Ng3 Re7 14. Ne5 Be6 15. f4 a5 16. f5 Bc8 17. f6 Qxf6 18. h4 Qd6 19. Rhf1 Be6 20. Nf5 Bxf5 21. Rxf5 Nd7 22. Qf2 Nxe5 23. dxe5 Qc7 24. Rf1 Rae8 25. Kd2 a4 26. g4 b5 27. h5 d4 28. g5 hxg5 29. Rxg5 Rxe5 30. Rxg7+ Kxg7 31. Qf6+ Kh7 32. h6 Re2+ 33. Kd1 Qe5 34. Qxf7+ Kh8 35. Rf2 Re1+ 36. Kd2 Qe3# 0-1

[Event "Hull CC XXVIII anniversaire B"]
[Site "Gatineau CAN"]
[Date "2007.09.18"]
[Round "2"]
[White "Dupont, Claude"]
[Black "Guimond, Michel"]
[Result "0-1"]
[WhiteElo "1482"]
[BlackElo "1816"]
[PlyCount "54"]
[GameId "2160767910579252"]
[EventDate "2007.09.11"]
[EventType "swiss"]
[EventRounds "5"]
[EventCountry "CAN"]
[SourceTitle "EXT 2022"]
[Source "ChessBase"]
[SourceDate "2021.10.06"]
[SourceVersion "1"]
[SourceVersionDate "2021.10.06"]
[SourceQuality "1"]

1. e4 c5 2. Nc3 d6 3. Nf3 e5 4. d3 Nc6 5. Be2 g6 6. a3 h6 7. Bd2 f5 8. exf5 gxf5 9. O-O Be6 10. Ne1 h5 11. Bxh5+ Kd7 12. Bf3 Nd4 13. g3 f4 14. Bg4 Qe8 15. Ne4 Qg6 16. Bxe6+ Qxe6 17. h4 Be7 18. Nf3 Nh6 19. c3 Nxf3+ 20. Qxf3 Kc7 21. c4 Bxh4 22. gxh4 Rag8+ 23. Ng5 Nf7 24. Bxf4 Rxh4 25. Qg3 Nxg5 26. Bxg5 Rg4 27. Qxg4 Qxg4+ 0-1